Largest Cities on Each Continent Ending in 'i' - Statistics

General Stats
  • This quiz has been taken 162 times
    143 since last reset
  • The average score is 11 of 35
Answer Stats
Continent Population Answer % Correct
Asia 40,000,000 Shanghai
86%
Asia 33,400,000 Delhi
78%
North America 6,450,000 Miami
78%
Asia 19,100,000 Karachi
72%
Asia 26,600,000 Mumbai
71%
Africa 6,550,000 Nairobi
71%
Asia 12,200,000 Chennai
66%
South America 2,925,000 Cali
64%
Europe 1,510,000 Helsinki
61%
Africa 1,770,000 Tripoli
58%
North America 2,825,000 Cincinnati
51%
Asia 9,200,000 Taipei
51%
Africa 1,560,000 Bangui
47%
Africa 2,650,000 Lubumbashi
43%
Africa 2,850,000 Kumasi
37%
Africa 2,325,000 Mbuji-Mayi
36%
Europe 806,635 Thessaloniki
28%
North America 854,156 Mexicali
20%
North America 339,066 Corpus Christi
14%
Europe 357,460 Charleroi
11%
Europe 466,078 Sochi
11%
South America 408,570 Jundiaí
9%
South America 233,840 Jacareí
8%
North America 1,360,000 San Luis Potosí
8%
Oceania 71,048 Nadi
5%
South America 176,022 Potosí
5%
Europe 684,709 Tolyatti
4%
Europe 505,589 Douai - Lens
3%
Oceania 57,905 Kahului - Wailuku
3%
Oceania 42,600 Whanganui
3%
Oceania 54,900 Whangārei
3%
North America 110,329 Estelí
1%
South America 719,842 Itajaí
1%
Oceania 57,882 Nausori
1%
South America 295,210 Camaçari
0%
No matching quizzes found
Score Distribution
Percent of People with Each Score
Percentile by Number Answered
Your Score History
You have not taken this quiz since the last reset